| 000 | 03610nam a22002657a 4500 | ||
|---|---|---|---|
| 001 | 216219278 | ||
| 003 | UA-OsUOA | ||
| 005 | 20210204155105.0 | ||
| 008 | 200918b un ||||| m||| 00| 0 ukr d | ||
| 040 |
_aUA-OsUOA _bukr _cUA-OsUOA _dUA-OsUOA |
||
| 041 | _aukr | ||
| 080 | _a929:94(477)"19"(043.3) | ||
| 090 | _a929:94(477)"19"(043.3) | ||
| 095 |
_a07.00.01 _bісторія України |
||
| 100 | _aСавченко С. В. | ||
| 245 |
_aОлена Апанович у науковому та громадському житті України другої половини XX ст. _cСавченко Світлана Володимирівна ; наук. керівник Бонь Олександр Іванович |
||
| 260 |
_aКиїв _c2020 |
||
| 300 | _a16 с. | ||
| 502 |
_6Автореферат дисертації на здобуття наукового ступеня кандидата історичних наук
_cКиївський університет імені Бориса Грінченка _d2020 |
||
| 520 | _aДисертація присвячена актуальній для української біографістики темі: комплексному висвітленню життєвого шляху і дослідженню наукової, архівної та громадської діяльності Олени Апанович. Дослідження дало змогу виділити основні етапи життя, прослідкувати еволюцію світогляду, уточнити наявну в українській історіографії періодизацію наукової діяльності О. Апанович. Вона зробила вагомий внесок в історію та джерелознавство українського козацтва. Вивчення козацького літописання та рукописної книги, дослідження біографії В. І. Вернадського, відродила маргіналістику. Працюючи в академічному Інституті історії України, вчена стала важливим суб’єктом трансформацій в історичній науці і громадському житті України другої половини XX ст. Її наукова та громадська праця з історії і пам’яток українського козацтва давала поштовх до зростання національної самосвідомості в Україні. Про це свідчить її участь у проекті заповідника на Хортиці. Вивчення архівної діяльності Олени Апанович показало, що вона провадила значну роботу з упорядкування та публікації документальних фондів ПДІА УРСР та відділу рукописів ЦНБ АН УРСР. Була активною і в жіночому русі у 1990 рр. Плідною була праця О. Апанович як керівника секції історичних пам’яток Київської організації УТОПЖ. | ||
| 650 |
_2UDC _a94 Історія |
||
| 942 |
_2udc _cAR |
||
| 955 | _a1 | ||
| 999 |
_c463385 _d463385 |
||